| 000 | 00550nam a2200193Ia 4500 | ||
|---|---|---|---|
| 005 | 20250508151554.0 | ||
| 008 | 008 250505s9999 xx 000 0 eng d | ||
| 037 | _aTextual | ||
| 040 |
_aFEDL _beng _cFEDL |
||
| 041 |
_aeng _2eng |
||
| 084 |
_a137, ALL _qFEDL |
||
| 100 | _aAllport Gordon W. | ||
| 245 | 0 | _aBecoming basic considerations for a psychology of personality | |
| 260 |
_aNew Haven _bYale University Press _c1955 |
||
| 300 | _aix,106p. | ||
| 650 | _aPersonality | ||
| 942 |
_cTEXL _h137, ALL |
||
| 999 |
_c1330705 _d1330705 |
||